[Event "POL-chT 1st League"]
[Site "Sypniewo"]
[Date "2022.09.06"]
[Round "4.7"]
[White "Jarocka, Liwia"]
[Black "Zarebska, Lena"]
[Result "0-1"]
[WhiteElo "2131"]
[BlackElo "1821"]
[PlyCount "94"]
[EventDate "2022.09.03"]
[EventType "team-swiss"]
[EventRounds "9"]
[EventCountry "POL"]
[SourceTitle "CBM 210 Extra"]
[Source "ChessBase"]
[SourceDate "2022.11.30"]
[SourceVersion "1"]
[SourceVersionDate "2022.11.30"]
[SourceQuality "1"]
[WhiteTeam "Podlesie UKS 21"]
[BlackTeam "Gostynin Gostmat 83"]
[WhiteTeamCountry "POL"]
[BlackTeamCountry "POL"]

1. Nf3 c5 2. b3 Nc6 3. Bb2 d6 4. d3 e5 5. g3 Be7 6. Bg2 Be6 7. c4 Qd7 8. h4 h6 9. Nc3 Bd8 10. e3 Bg4 11. Nd5 Nge7 12. Nxe7 Ba5+ 13. Kf1 Qxe7 14. a3 0-0 15. Qc2 f5 16. Nh2 Bh5 17. Bd5+ Kh8 18. Kg2 Qd7 19. Bc3 Bxc3 20. Qxc3 f4 21. Bf3 Bxf3+ 22. Nxf3 Qg4 23. Raf1 Rf6 24. h5 fxg3 25. fxg3 Raf8 26. Rh4 Qe6 27. Qe1 Ne7 28. e4 Nc6 29. Rhh1 Qe8 30. Qd1 Qf7 31. Qe2 a6 32. g4 Kg8 33. Nh2 Nd4 34. Qe3 Rf4 35. b4 Qe7 36. Qe1 Qg5 37. bxc5 dxc5 38. Rxf4 exf4 39. Kh3 f3 40. Rf1 Qf4 41. Qc1 Qe5 42. Qe1 Qg5 43. Qc1 Rf4 44. Qe3 g6 45. e5 gxh5 46. e6 hxg4+ 47. Kg3 Nf5+ 0-1

[Event "POL-ch U18 Girls"]
[Site "Sypniewo"]
[Date "2022.03.27"]
[Round "9"]
[White "Zarebska, Lena"]
[Black "Wikar, Martyna"]
[Result "0-1"]
[WhiteElo "1809"]
[BlackElo "2160"]
[PlyCount "82"]
[EventDate "2022.03.19"]
[EventType "swiss"]
[EventRounds "9"]
[EventCountry "POL"]
[SourceTitle "CBM 207 Extra"]
[Source "ChessBase"]
[SourceDate "2022.05.31"]
[SourceVersion "1"]
[SourceVersionDate "2022.05.31"]
[SourceQuality "1"]

1. e4 c5 2. Nf3 Nc6 3. d4 cxd4 4. Nxd4 e5 5. Nb3 Nf6 6. Bg5 h6 7. Bxf6 Qxf6 8. Bc4 Bb4+ 9. N1d2 0-0 10. Qe2 Qg6 11. c3 Be7 12. 0-0 d6 13. Kh1 Bg4 14. f3 Be6 15. Rfd1 Rad8 16. Bd5 Bxd5 17. exd5 Nb8 18. Na5 b6 19. Nac4 f5 20. a4 Qh5 21. Nf1 Nd7 22. Ng3 Qg6 23. b4 Bh4 24. Nf1 Rde8 25. Ncd2 Nf6 26. Ne3 Nh5 27. Ndf1 e4 28. g3 Bf6 29. f4 Bxc3 30. Rab1 Rc8 31. Qa6 Qf7 32. Nc4 e3 33. Nfxe3 Qe7 34. Ng2 Qe2 35. Nge3 Rce8 36. Qxa7 Rxe3 37. Nxe3 Qxe3 38. Kg2 Qe4+ 39. Kh3 Nxf4+ 40. gxf4 Qf3+ 41. Kh4 Bf6# 0-1

[Event "POL-chT 2nd League"]
[Site "Sypniewo"]
[Date "2021.09.08"]
[Round "5.10"]
[White "Krzywnicka, Maria"]
[Black "Zarebska, Lena"]
[Result "0-1"]
[WhiteElo "1885"]
[BlackElo "1910"]
[PlyCount "92"]
[EventDate "2021.09.04"]
[EventType "team-swiss"]
[EventRounds "9"]
[EventCountry "POL"]
[SourceTitle "CBM 204 Extra"]
[Source "ChessBase"]
[SourceDate "2021.11.30"]
[SourceVersion "1"]
[SourceVersionDate "2021.11.30"]
[SourceQuality "1"]
[WhiteTeam "Koszalin Hetman Politechnika"]
[BlackTeam "Olsztyn Trzydziestka"]
[WhiteTeamCountry "POL"]
[BlackTeamCountry "POL"]

1. e4 c5 2. Nc3 Nc6 3. g3 g6 4. Bg2 Bg7 5. d3 d6 6. f4 Rb8 7. a4 e6 8. Nf3 Nge7 9. 0-0 0-0 10. Be3 a6 11. Qd2 b5 12. axb5 axb5 13. Nh4 Nd4 14. Qf2 b4 15. Nd1 b3 16. cxb3 Rxb3 17. Nc3 Qb6 18. Ra2 f5 19. Rfa1 Nec6 20. exf5 gxf5 21. Ra3 Rxb2 22. Na4 Rb1+ 23. Bf1 Qb7 24. R1a2 Nb4 25. Nc3 Nxa2 26. Nxb1 Nb4 27. Bg2 Qb6 28. Ra8 Nxd3 29. Qa2 Nb4 30. Qc4 d5 31. Qf1 Qb7 32. Ra5 Qb6 33. Ra8 Ba6 34. Rxf8+ Kxf8 35. Qd1 Qa5 36. Qh5 Qa1 37. h3 Qxb1+ 38. Kh2 Nbc6 39. Qxh7 Ne7 40. g4 Qd3 41. Bxd4 Qxd4 42. gxf5 Qxf4+ 43. Kh1 exf5 44. Ng6+ Nxg6 45. Qxg6 Be5 46. Kg1 Qe3+ 0-1

[Event "POL-ch rapid (Women)"]
[Site "Bydgoszcz"]
[Date "2020.12.13"]
[Round "3"]
[White "Antolak, Julia"]
[Black "Zarebska, Lena"]
[Result "0-1"]
[WhiteElo "2307"]
[BlackElo "1855"]
[PlyCount "104"]
[EventDate "2020.12.13"]
[EventType "swiss (rapid)"]
[EventRounds "9"]
[EventCountry "POL"]
[SourceTitle "CBM 199 Extra"]
[Source "ChessBase"]
[SourceDate "2021.01.31"]
[SourceVersion "1"]
[SourceVersionDate "2021.01.31"]
[SourceQuality "1"]

1. e4 c5 2. Nf3 e6 3. d4 cxd4 4. Nxd4 a6 5. Bd3 Qc7 6. 0-0 b5 7. a4 b4 8. c3 Bb7 9. Be3 Nf6 10. f3 Nc6 11. Nb3 d6 12. Qd2 bxc3 13. Nxc3 Be7 14. Rac1 Qd8 15. Qf2 Nd7 16. f4 0-0 17. Bb1 Rb8 18. Nd2 Ba8 19. Nf3 Na5 20. Bd3 Nb3 21. Rce1 Ndc5 22. Bb1 Qa5 23. e5 d5 24. Ng5 h6 25. Nf3 Ne4 26. Bxe4 dxe4 27. Nd4 Qb4 28. Nc2 Qa5 29. Qg3 Kh8 30. f5 exf5 31. Rxf5 Bc5 32. Ref1 Qc7 33. Kh1 Rb6 34. Bf4 Rg6 35. Qh4 e3 36. Bg3 Nd2 37. Rg1 Qd7 38. Rf4 e2 39. Nxe2 Bxg1 40. Kxg1 Nb3 41. Ned4 Nxd4 42. Rxd4 Qb7 43. Rd2 Qxb2 44. Qd4 Qb1+ 45. Ne1 Rxg3 46. hxg3 Qxe1+ 47. Kh2 Qf1 48. Qd6 Rc8 49. Rb2 Rc1 50. Kh3 Qh1+ 51. Kg4 Rc4+ 52. Kf5 Qh5# 0-1

[Event "POL-ch blitz (Women)"]
[Site "Bydgoszcz"]
[Date "2020.12.12"]
[Round "6"]
[White "Antolak, Julia"]
[Black "Zarebska, Lena"]
[Result "1-0"]
[WhiteElo "2307"]
[BlackElo "1855"]
[PlyCount "69"]
[EventDate "2020.12.12"]
[EventType "swiss (blitz)"]
[EventRounds "11"]
[EventCountry "POL"]
[SourceTitle "CBM 199 Extra"]
[Source "ChessBase"]
[SourceDate "2021.01.31"]
[SourceVersion "1"]
[SourceVersionDate "2021.01.31"]
[SourceQuality "1"]

1. e4 c5 2. Nf3 Nc6 3. d4 cxd4 4. Nxd4 Nf6 5. Nc3 e5 6. Ndb5 d6 7. a4 a6 8. Na3 Be6 9. Bg5 Be7 10. Bc4 0-0 11. Bxf6 Bxf6 12. 0-0 Nd4 13. Nd5 Bg5 14. c3 Nc6 15. Qd3 Rc8 16. Rad1 Qa5 17. Nc2 Ne7 18. Ncb4 Qc5 19. Bb3 a5 20. Nxe7+ Bxe7 21. Nd5 Bxd5 22. Bxd5 Rb8 23. Rb1 b5 24. b4 axb4 25. cxb4 Qb6 26. a5 Qa6 27. Rfc1 g6 28. Rc6 Qa7 29. Rbc1 Bg5 30. Rc7 Qa6 31. R1c6 Qa8 32. Rxd6 Rb7 33. Rxb7 Qc8 34. g3 h5 35. Rxg6+ 1-0

[Event "POL-ch blitz (Women)"]
[Site "Bydgoszcz"]
[Date "2020.12.12"]
[Round "11"]
[White "Kroliczek, Gabriela"]
[Black "Zarebska, Lena"]
[Result "0-1"]
[WhiteElo "1926"]
[BlackElo "1855"]
[PlyCount "68"]
[EventDate "2020.12.12"]
[EventType "swiss (blitz)"]
[EventRounds "11"]
[EventCountry "POL"]
[SourceTitle "CBM 199 Extra"]
[Source "ChessBase"]
[SourceDate "2021.01.31"]
[SourceVersion "1"]
[SourceVersionDate "2021.01.31"]
[SourceQuality "1"]

1. e4 c5 2. a3 b6 3. Nc3 Bb7 4. Bc4 e6 5. d3 Ne7 6. f4 d5 7. Bb5+ Nec6 8. exd5 exd5 9. Qe2+ Be7 10. f5 a6 11. Bxc6+ Nxc6 12. Qg4 Bf6 13. Nf3 Qe7+ 14. Kf2 0-0-0 15. Re1 Qd7 16. Qf4 Rhe8 17. Bd2 h6 18. Na4 Qc7 19. Qg4 Nd4 20. Bf4 Qc6 21. Nc3 Nxc2 22. Rxe8 Rxe8 23. Rd1 Nd4 24. Nxd4 Bxd4+ 25. Kf1 Bf6 26. Rc1 Qd7 27. h3 Bc6 28. Bh2 Kb7 29. Qf3 Be5 30. Bxe5 Rxe5 31. Ne2 Qe7 32. Nf4 Rxf5 33. g4 Rf6 34. Re1 Qd6 0-1

[Event "POL-ch blitz (Women)"]
[Site "Bydgoszcz"]
[Date "2020.12.12"]
[Round "10"]
[White "Zarebska, Lena"]
[Black "Kawa, Anna"]
[Result "1-0"]
[WhiteElo "1855"]
[BlackElo "1210"]
[PlyCount "45"]
[EventDate "2020.12.12"]
[EventType "swiss (blitz)"]
[EventRounds "11"]
[EventCountry "POL"]
[SourceTitle "CBM 199 Extra"]
[Source "ChessBase"]
[SourceDate "2021.01.31"]
[SourceVersion "1"]
[SourceVersionDate "2021.01.31"]
[SourceQuality "1"]

1. e4 g6 2. d4 Bg7 3. c4 d6 4. Nc3 e5 5. d5 c6 6. Bd3 Ne7 7. Nge2 f5 8. 0-0 0-0 9. b4 a5 10. Rb1 axb4 11. Rxb4 Qa5 12. Rb3 Qc7 13. a4 Nd7 14. Ba3 Nc5 15. Bxc5 dxc5 16. Qa1 fxe4 17. Nxe4 Bf5 18. d6 Qd7 19. dxe7 Qxe7 20. N2g3 Rad8 21. Rfb1 Rd7 22. Qa3 Rfd8 23. Be2 1-0

[Event "POL-ch blitz (Women)"]
[Site "Bydgoszcz"]
[Date "2020.12.12"]
[Round "4"]
[White "Zarebska, Lena"]
[Black "Kubicka, Anna"]
[Result "0-1"]
[WhiteElo "1855"]
[BlackElo "2256"]
[PlyCount "124"]
[EventDate "2020.12.12"]
[EventType "swiss (blitz)"]
[EventRounds "11"]
[EventCountry "POL"]
[SourceTitle "CBM 199 Extra"]
[Source "ChessBase"]
[SourceDate "2021.01.31"]
[SourceVersion "1"]
[SourceVersionDate "2021.01.31"]
[SourceQuality "1"]

1. e4 c6 2. d4 d5 3. e5 c5 4. dxc5 e6 5. a3 Nd7 6. Nf3 Bxc5 7. b4 Bb6 8. Bb2 Ne7 9. Bd3 Ng6 10. 0-0 0-0 11. Nbd2 Qc7 12. Re1 a6 13. Nb3 Ba7 14. Qd2 b5 15. h4 Nb6 16. h5 Ne7 17. Qg5 h6 18. Qg3 Nc4 19. Bc1 Kh8 20. Nbd2 Bb7 21. Nf1 d4 22. Bf4 Nd5 23. N1d2 Nxf4 24. Qxf4 Rad8 25. Ne4 Qe7 26. Nh2 Bb8 27. Ng4 Qh4 28. Nef6 Qg5 29. Qxg5 hxg5 30. Ne4 Nxe5 31. Nxe5 Bxe5 32. Nxg5 Bf6 33. Ne4 Be7 34. f3 Rd5 35. g4 Rdd8 36. Kg2 f5 37. Ng3 fxg4 38. Be4 gxf3+ 39. Kf2 Bxe4 40. Rxe4 d3 41. cxd3 Rxd3 42. Ra2 Rd6 43. Rg4 Bf6 44. Ne4 Bd4+ 45. Kf1 Rd7 46. Nf2 Bxf2 47. Kxf2 e5 48. Rh4 Re7 49. Re4 Kh7 50. Ra1 Kh6 51. Rh1 Rf5 52. Rh3 Rc7 53. Rxf3 Rc2+ 54. Kg3 Rg5+ 55. Kh3 Rxh5+ 56. Kg3 Rg5+ 57. Kh3 Rcg2 58. Rd3 Rg1 59. Kh2 R1g4 60. Ree3 Rh4+ 61. Rh3 Rxh3+ 62. Rxh3+ Rh5 0-1

[Event "Warsaw Przepiorka Memorial"]
[Site "Warsaw"]
[Date "2019.12.30"]
[Round "8"]
[White "Derylo, Kamil"]
[Black "Zarebska, Lena"]
[Result "1-0"]
[WhiteElo "1999"]
[BlackElo "1915"]
[PlyCount "95"]
[EventDate "2019.12.27"]
[EventType "swiss"]
[EventRounds "9"]
[EventCountry "POL"]
[SourceTitle "CBM 194 Extra"]
[Source "ChessBase"]
[SourceDate "2020.03.31"]
[SourceVersion "1"]
[SourceVersionDate "2020.03.31"]
[SourceQuality "1"]

1. d4 Nf6 2. Nf3 g6 3. e3 Bg7 4. c4 0-0 5. Be2 d6 6. Nc3 Nbd7 7. 0-0 e5 8. Qc2 c6 9. Rd1 Qe7 10. b4 Re8 11. Bb2 Nf8 12. a4 e4 13. Nd2 Bf5 14. b5 h5 15. a5 a6 16. bxc6 bxc6 17. Ba3 h4 18. h3 g5 19. Rab1 N6d7 20. Rb7 Rab8 21. Rdb1 Rxb7 22. Rxb7 Nh7 23. Ra7 Nhf6 24. Rxa6 Nb8 25. Rb6 Bf8 26. a6 Qa7 27. c5 d5 28. Qb3 Qa8 29. Qa4 Bc8 30. a7 Nbd7 31. Rxc6 Bb7 32. Bb5 g4 33. Rc7 Rc8 34. Rxc8 Qxc8 35. c6 Ba8 36. cxd7 Nxd7 37. Qb3 Nf6 38. Bxf8 Kxf8 39. Be2 Kg7 40. hxg4 Nxg4 41. Bxg4 Qxg4 42. Qb8 Bc6 43. a8Q Bxa8 44. Qxa8 h3 45. g3 Qh5 46. Qxd5 h2+ 47. Kh1 Qh6 48. Ncxe4 1-0

[Event "Warsaw Przepiorka Memorial"]
[Site "Warsaw"]
[Date "2019.12.30"]
[Round "7"]
[White "Zarebska, Lena"]
[Black "Bugajski, Robert"]
[Result "0-1"]
[WhiteElo "1915"]
[BlackElo "2203"]
[PlyCount "136"]
[EventDate "2019.12.27"]
[EventType "swiss"]
[EventRounds "9"]
[EventCountry "POL"]
[SourceTitle "CBM 194 Extra"]
[Source "ChessBase"]
[SourceDate "2020.03.31"]
[SourceVersion "1"]
[SourceVersionDate "2020.03.31"]
[SourceQuality "1"]

1. e4 c5 2. Nf3 d6 3. d4 Nf6 4. Nc3 cxd4 5. Nxd4 a6 6. Bc4 e6 7. 0-0 Be7 8. Bb3 0-0 9. Be3 Nc6 10. f4 Bd7 11. Qf3 Rc8 12. h3 Na5 13. Rae1 Nxb3 14. axb3 Qc7 15. g4 b5 16. g5 Ne8 17. f5 b4 18. Na4 d5 19. exd5 exf5 20. c4 g6 21. c5 Bxa4 22. d6 Nxd6 23. cxd6 Bxd6 24. bxa4 Rfe8 25. Bf2 Qd7 26. Rxe8+ Rxe8 27. Rd1 Qe7 28. Qg2 Bf4 29. Re1 Qd7 30. Rxe8+ Qxe8 31. h4 Qxa4 32. Qa8+ Kg7 33. Nf3 Qa1+ 34. Ne1 Be3 35. Kf1 Bxf2 36. Kxf2 Qxb2+ 37. Kf1 Qd4 38. Nf3 Qd3+ 39. Kf2 b3 40. Qb8 Qc2+ 41. Kg3 Qc3 42. h5 gxh5 43. Qb6 b2 44. Kf4 Qc1+ 45. Ke5 Qc3+ 46. Nd4 Qe3+ 47. Kxf5 b1Q+ 48. Qxb1 Qxd4 49. Qh1 Qg4+ 50. Ke5 Qxg5+ 51. Kd6 a5 52. Kd7 h4 53. Qa1+ Qf6 54. Qg1+ Qg6 55. Qd4+ Kg8 56. Qxh4 h5 57. Ke7 Qg4 58. Qh2 Qe6+ 59. Kd8 a4 60. Qxh5 a3 61. Qg5+ Qg6 62. Qd2 Qb6+ 63. Kc8 Qe6+ 64. Kb7 a2 65. Qg5+ Kf8 66. Qd8+ Qe8 67. Qd4 Qb5+ 68. Kc8 Qa6+ 0-1

[Event "Warsaw Przepiorka Memorial"]
[Site "Warsaw"]
[Date "2019.12.28"]
[Round "3"]
[White "Zarebska, Lena"]
[Black "Skurniak, Szymon"]
[Result "0-1"]
[WhiteElo "1915"]
[BlackElo "2030"]
[PlyCount "118"]
[EventDate "2019.12.27"]
[EventType "swiss"]
[EventRounds "9"]
[EventCountry "POL"]
[SourceTitle "CBM 194 Extra"]
[Source "ChessBase"]
[SourceDate "2020.03.31"]
[SourceVersion "1"]
[SourceVersionDate "2020.03.31"]
[SourceQuality "1"]

1. e4 c5 2. Nf3 Nc6 3. d4 cxd4 4. Nxd4 Nf6 5. Nc3 d6 6. Bc4 Qb6 7. Nb3 e6 8. Bf4 Ne5 9. Be2 a6 10. Qd2 Be7 11. f3 0-0 12. 0-0-0 Qc7 13. g4 b5 14. a3 Nc4 15. Qe1 e5 16. Bg5 Be6 17. Bd3 Rfc8 18. Bd2 Nd7 19. Nd5 Bxd5 20. exd5 Nxd2 21. Qxd2 a5 22. Kb1 Rcb8 23. Nc1 Nc5 24. b3 Qb6 25. g5 Na4 26. Ne2 b4 27. bxa4 Qc5 28. Bb5 bxa3 29. Qc3 Rxb5+ 30. axb5 Qxb5+ 31. Ka2 Qxe2 32. h4 Qa6 33. Qd3 Qa7 34. Rb1 Rc8 35. Rhc1 g6 36. Rb5 Qf2 37. Rb7 Qxh4 38. Rcb1 Bxg5 39. Kxa3 Qf2 40. c4 Bd2 41. R7b2 Bb4+ 42. Ka2 Qd4 43. Qxd4 exd4 44. Kb3 Re8 45. Ka4 h5 46. f4 Kg7 47. Rf2 Kf6 48. Rg1 d3 49. Rf3 d2 50. Rd1 Re1 51. Rf1 Re3 52. Kb5 Kf5 53. Kc6 Rc3 54. Kb5 Rc2 55. Rf2 Ke4 56. Re2+ Kd3 57. Rh2 Rc1 58. Rhh1 Rxd1 59. Rxd1 Ke2 0-1

[Event "POL-chT 2nd League"]
[Site "Jastrzebia Gora"]
[Date "2019.09.15"]
[Round "9.13"]
[White "Zarebska, Lena"]
[Black "Rykala, Monika"]
[Result "1/2-1/2"]
[WhiteElo "1901"]
[BlackElo "1892"]
[PlyCount "66"]
[EventDate "2019.09.07"]
[EventType "team-swiss"]
[EventRounds "9"]
[EventCountry "POL"]
[SourceTitle "EXT 2020"]
[Source "ChessBase"]
[SourceDate "2019.10.17"]
[SourceVersion "1"]
[SourceVersionDate "2019.10.17"]
[SourceQuality "1"]
[WhiteTeam "Olsztyn Kopernik"]
[BlackTeam "Minsk Mazowiecki MTSz"]
[WhiteTeamCountry "POL"]
[BlackTeamCountry "POL"]

1. e4 c6 2. d4 d5 3. e5 c5 4. dxc5 Nc6 5. Bb5 e6 6. Be3 Nge7 7. Nf3 Nf5 8. Bd4 Nfxd4 9. Qxd4 Qa5+ 10. Nc3 Qxb5 11. Nxb5 Nxd4 12. Nbxd4 Bxc5 13. c3 Bd7 14. 0-0 Rc8 15. Rac1 b5 16. Rfd1 0-0 17. Ne1 Rc7 18. Nd3 Bb6 19. Kf1 a5 20. a3 Rfc8 21. Ke2 Rc4 22. Nf3 f6 23. Nd2 R4c7 24. Nf3 Kf8 25. Kd2 Ke7 26. Re1 Rc4 27. Re2 Rg4 28. g3 Rgc4 29. Nf4 f5 30. Nd3 Be8 31. Ree1 Bh5 32. b3 Re4 33. Ng1 Rxe1 1/2-1/2

[Event "EU-ch U16 Girls"]
[Site "Bratislava"]
[Date "2019.08.07"]
[Round "6"]
[White "Eizaguerri Floris, Maria"]
[Black "Zarebska, Lena"]
[Result "0-1"]
[WhiteElo "2136"]
[BlackElo "1809"]
[PlyCount "92"]
[EventDate "2019.08.02"]
[EventType "swiss"]
[EventRounds "9"]
[EventCountry "SVK"]
[SourceTitle "CBM 191 Extra"]
[Source "ChessBase"]
[SourceDate "2019.09.30"]
[SourceVersion "1"]
[SourceVersionDate "2019.09.30"]
[SourceQuality "1"]

1. e4 c5 2. Nf3 Nc6 3. d4 cxd4 4. Nxd4 Nf6 5. Nc3 e5 6. Ndb5 d6 7. Nd5 Nxd5 8. exd5 Nb8 9. a4 a6 10. Na3 Be7 11. Be2 0-0 12. 0-0 f5 13. f4 e4 14. Nc4 b6 15. Be3 Nd7 16. Bd4 Bb7 17. Ne3 g6 18. c4 Bf6 19. b4 a5 20. Rb1 axb4 21. Rxb4 Nc5 22. Bxf6 Qxf6 23. Qa1 Qe7 24. Rfb1 Bc8 25. Rxb6 Rxa4 26. Qd4 Ra2 27. Bf1 Qh4 28. Rxd6 Qxf4 29. Rbb6 Qf2+ 30. Kh1 Ra7 31. Rb2 Qe1 32. Qd2 Ra1 33. Qxe1 Rxe1 34. Re2 Rb1 35. Kg1 f4 36. Nc2 f3 37. gxf3 exf3 38. Ree6 Nxe6 39. dxe6 f2+ 40. Kg2 Bb7+ 41. Rd5 Re8 42. Kxf2 Rf8+ 43. Ke2 Bxd5 44. cxd5 Rfxf1 45. d6 Kf8 46. Nd4 Rfd1 0-1